Bacon Freud Mehata Souza (Record no. 240859)

MARC details
000 -LEADER
fixed length control field 00315pam a2200133 a 4500
020 ## - INTERNATIONAL STANDARD BOOK NUMBER
Terms of availability
041 ## - LANGUAGE CODE
Language code of original
082 ## - DEWEY DECIMAL CLASSIFICATION NUMBER
Classification number 708
Item number BAC
100 ## - MAIN ENTRY--PERSONAL NAME
Personal name Grosvonor Vadehra .
245 ## - TITLE STATEMENT
Title Bacon Freud Mehata Souza
Medium Textual Documents
260 ## - PUBLICATION, DISTRIBUTION, ETC.
Place of publication, distribution, etc. [s.l]:
Name of publisher, distributor, etc. Vadhera Art Gallery,
Date of publication, distribution, etc. 2007.
300 ## - PHYSICAL DESCRIPTION
Extent 100:
Other physical details Hard.
930 ## - EQUIVALENCE OR CROSS-REFERENCE-UNIFORM TITLE HEADING [LOCAL, CANADA]
Uniform title 7069
Holdings
Withdrawn status Lost status Damaged status Not for loan Collection Home library Current library Date acquired Source of acquisition Cost, normal purchase price Total Checkouts Full call number Barcode Date last seen Copy number Price effective from Koha item type
          College of Fine Arts, Pune College of Fine Arts, Pune 10/12/2015 Bhararti Sahakari Grahak Bhandar 0.00   708 BAC FAP-7509 07/03/2023 1 07/03/2023 Book